| 000 | 00459nam a2200157 a 4500 | ||
|---|---|---|---|
| 001 | 000031240 | ||
| 005 | 20200930062809.0 | ||
| 008 | 110615s1952 dr c 000 p spa d | ||
| 040 |
_aDO-SdBNP _bspa _cBNPHU |
||
| 082 |
_axxx _bP438v |
||
| 100 | 1 |
_aPérez M., Jesús M. _957711 |
|
| 245 | 1 | 0 |
_aVoces íntimas / _cJesús M. Pérez M. |
| 260 |
_aCiudad Trujillo, República Dominicana : _bMontalvo, _c1952. |
||
| 300 |
_a57 p. : _bretrs. ; _c19 cm. |
||
| 049 | _aBNPD | ||
| 999 |
_c30732 _d30732 |
||